| 000 | 01649nam a22002417a 4500 | ||
|---|---|---|---|
| 999 |
_c18220 _d18220 |
||
| 005 | 20251125232904.0 | ||
| 008 | s2528 th tha d | ||
| 040 | _aNALT | ||
| 041 | _atha | ||
| 245 | 1 | 0 | _aรวมย่อข้อกฎหมายจากคำพิพากษาฎีกาเกี่ยวกับกฎหมายวิธีสบัญญัติ ประกอบด้วยพระธรรมนูญศาลยุติธรรม พระราชบัญญัติล้มละลาย พระราชบัญญัติจัดตั้งศาลคดีเด็กและเยาวชน พระราชบัญญัติวิธีพิจารณาคดี...[2nd] |
| 260 | 3 |
_aกรุงเทพฯ : _bบริการส่งเสริมงานตุลาการ, _c2528 |
|
| 300 |
_a367 หน้า ; _b 26 ซม. |
||
| 650 | 0 | 4 | _aธรรมนูญศาลยุติธรรม -- คำพิพากษาศาลฎีกา |
| 650 | 0 | 4 | _aล้มละลาย -- คำพิพากษาศาลฎีกา |
| 650 | 0 | 4 | _aศาลคดีเด็กและเยาวชน -- คำพิพากษาศาลฎีกา |
| 650 | 0 | 4 | _aศาลแขวง -- คำพิพากษาศาลฎีกา |
| 650 | 0 | 4 | _aหนี้ -- คำพิพากษาศาลฎีกา |
| 850 | _aNALT | ||
| 856 | 4 | 0 |
_uhttps://hdl.handle.net/20.500.14156/461587 _71 |
| 942 |
_cLB _2lcc |
||
| 998 |
_j25 _k นีลวัสน์ อินทรักษา |
||
| 090 | _aKT10 บ215ร 2528 | ||